00299 a2200097 4500001000900000005001700009008004100026245005600067100002300123773005500146ART_693220260410161659.0260409a 10aUna nota sobre regresiones con variables integradas1 aAhumada, Hildegart0 tEnsayos Económicosg- Nº 45 (oct. 2006)wREV620